Roque Guinart (Record no. 37497)

MARC details
000 -LEADER
campo de control de longitud fija 00540nam a2200169 i 4500
001 - NÚMERO DE CONTROL
campo de control 37497
003 - IDENTIFICADOR DE NÚMERO DE CONTROL
campo de control ES-MaACL
005 - FECHA Y HORA DE LA ÚLTIMA TRANSACCIÓN
campo de control 20230906155603.0
007 - CAMPO FIJO DE DESCRIPCIÓN FÍSICA--INFORMACIÓN GENERAL
campo de control de longitud fija t|
008 - DATOS DE LONGITUD FIJA--INFORMACIÓN GENERAL
campo de control de longitud fija 030311s1874 sp ||||1| spa d
100 1# - ENTRADA PRINCIPAL--NOMBRE DE PERSONA
Nombre de persona Coello, Carlos.
9 (RLIN) 39456
245 10 - MENCIÓN DEL TÍTULO
Título Roque Guinart
Resto del título : drama en tres actos y en verso /
Mención de responsabilidad, etc. Carlos Coello y Pacheco.
260 ## - PUBLICACIÓN, DISTRIBUCIÓN, ETC.
Lugar de publicación, distribución, etc. Madrid :
Nombre del editor, distribuidor, etc. [s.n.,
Fecha de publicación, distribución, etc. 1874?] (
Fabricante Imprenta de la Biblioteca de Instrucción y Recreo)
300 ## - DESCRIPCIÓN FÍSICA
Extensión XXI, 132 p. ;
Dimensiones 17 cm.
500 ## - NOTA GENERAL
Nota general En p. 132 consta el año 1874.
852 ## - LOCALIZACIÓN
Ubicación ES-MaACL
Número de control de estantería D-341
Holdings
Estatus retirado Estado de pérdida Estado de daño No para préstamo Colección Biblioteca de origen Biblioteca actual Ubicación en estantería Fecha de adquisición Fuente de adquisición Total de préstamos Signatura topográfica completa Código de barras Visto por última vez Precio de reemplazo Tipo de ítem Koha
        Libros del s. XIX Biblioteca del Ateneo de Madrid Biblioteca del Ateneo de Madrid Sala Valle Inclán 17/01/2008     D-341 901039464 23/02/2023 23/02/2023 Libro impreso antiguo